24 Poemas
Uloženo v:
| Hlavní autor: | |
|---|---|
| Médium: | Kniha |
| Jazyk: | španělština |
| Vydáno: |
Barcelona
Plaza & Janes
1997
|
| Témata: | |
| Tagy: |
Přidat tag
Žádné tagy, Buďte první, kdo vytvoří štítek k tomuto záznamu!
|
MARC
| LEADER | 00000nam a2200000 a 4500 | ||
|---|---|---|---|
| 001 | UCR6905 | ||
| 003 | CL-VaPUC | ||
| 008 | 980424e19970000SP |||||||||||||||||spa|d | ||
| 082 | 0 | 4 | |a 861 |b GIM |2 21 |
| 100 | |a Gimferrer, Pere |e author |9 449627 | ||
| 245 | 1 | 0 | |a 24 Poemas |
| 300 | |a 66 p | ||
| 942 | |c BK | ||
| 945 | |d 19980424 00:00:00 |a rbrito | ||
| 260 | |a Barcelona |b Plaza & Janes |c 1997 | ||
| 650 | 0 | |a Poesías españolas |9 265100 | |
| 583 | |a last modification |c 19980424 00:00:00 |k Rodrigo Vera | ||
| 999 | |c 268797 |d 268795 | ||
| 952 | |0 0 |1 0 |4 0 |6 861_000000000000000_GIM_1997 |7 0 |8 A |9 302195 |a BIBART |b BIBART |d 2019-11-20 |i 3420426 |o 861 GIM 1997 |p 3420426 |r 2025-03-13 |w 2019-11-20 |y BK |k ART | ||